Paisaje Altoandino: Laguna del Maule

সংরক্ষণ করুন:
গ্রন্থ-পঞ্জীর বিবরন
সংস্থা লেখক: Ministerio de Bienes Nacionales (Author)
বিন্যাস: গ্রন্থ
ভাষা:স্প্যানিশ
ইংরেজি
প্রকাশিত: Santiago Ministerio de Bienes Nacionales 2008
মালা:Rutas Patrimoniales, 33
বিষয়গুলি:
ট্যাগগুলো: ট্যাগ যুক্ত করুন
কোনো ট্যাগ নেই, প্রথমজন হিসাবে ট্যাগ করুন!

MARC

LEADER 00000nam a2200000 a 4500
001 UCH0737
003 CL-VaPUC
008 090320e20080000CL |||||||||||||||||spa|d
041 0 7 |a spa  |2 CL-VaPUC 
041 0 7 |a eng  |2 CL-VaPUC 
082 0 4 |a 918.04  |b MIN  |2 21 
110 2 |a Ministerio de Bienes Nacionales  |e author  |9 535037 
245 1 0 |a Paisaje Altoandino: Laguna del Maule 
942 |c BK 
945 |d 20090320 00:00:00  |a dcastane 
260 |a Santiago  |b Ministerio de Bienes Nacionales  |c 2008 
650 7 |a TURISMO CHILENO  |2 CL-VaPUC  |9 535038 
650 7 |a GUIAS TURISTICAS  |2 CL-VaPUC  |9 346990 
650 0 |a Atractivos turísticos   |9 464852 
651 7 |a CHILE  |2 CL-VaPUC  |9 535040 
651 7 |a MAULE  |2 CL-VaPUC  |9 448501 
583 |a last modification  |c 20090320 00:00:00  |k Rodrigo Vera 
490 0 |a Rutas Patrimoniales, 33 
999 |c 332983  |d 332981 
952 |0 0  |1 0  |4 0  |6 918_040000000000000_MIN_2008  |7 0  |8 X  |9 421084  |a FDOBUD  |b FDOBUD  |d 2019-11-22  |i 4525388  |o 918.04 MIN 2008  |p 4525388  |r 2019-11-22  |w 2019-11-22  |y BK_X  |k BUD 
952 |0 0  |1 0  |4 0  |6 918_040000000000000_MIN_2008  |7 0  |8 F  |9 421085  |a BIBING  |b BIBING  |d 2019-11-22  |i 4525477  |o 918.04 MIN 2008  |p 4525477  |r 2025-01-20  |w 2019-11-22  |y BK_F  |k GEO 
952 |0 0  |1 0  |4 0  |6 918_040000000000000_MIN_2008  |7 0  |8 A  |9 421086  |a BIBEDU  |b BIBEDU  |d 2019-11-22  |i 4525558  |o 918.04 MIN 2008  |p 4525558  |r 2019-11-22  |w 2019-11-22  |y BK  |k EDU